[Event "10th Philadelphia International"]
[Site "Philadelphia, PA"]
[Date "2016.07.07"]
[Round "4"]
[White "Wang, Qibiao"]
[Black "Tickoo, Sahil"]
[Result "1-0"]
[WhiteElo "2290"]
[BlackElo "2016"]
[PlyCount "83"]
[EventDate "2016.07.??"]
[EventType "swiss"]
[EventRounds "9"]
[EventCountry "USA"]

1. e4 c5 2. Nf3 d6 3. d4 cxd4 4. Nxd4 Nf6 5. Nc3 a6 6. g3 e5 7. Nb3 Be7 8. Bg2
b5 9. O-O Nbd7 10. a4 b4 11. Nd5 a5 12. Bd2 Nxd5 13. exd5 O-O 14. c3 bxc3 15.
Bxc3 Qb6 16. Ra3 Bd8 17. Qd2 Qa7 18. Kh1 Ba6 19. Rc1 Bb7 20. Rc2 Bb6 21. Ra1
Rfe8 22. Rd1 Rac8 23. Qg5 Nc5 24. Nxc5 Rxc5 25. Be4 Bc8 26. Qh5 g6 27. Qe2 f5
28. Bd3 Bd8 29. b4 axb4 30. Bxb4 Rxc2 31. Qxc2 Be7 32. Bb5 Bd7 33. Bxd7 Qxd7
34. Qc6 Rd8 35. Ba5 Qxc6 36. dxc6 Rc8 37. c7 Kf8 38. Bb6 Ke8 39. a5 Kd7 40. a6
Kc6 41. Rb1 Ra8 42. Ba5 1-0

[Event "10th Philadelphia International"]
[Site "Philadelphia, PA"]
[Date "2016.07.07"]
[Round "4"]
[White "Carreto, Giovanni"]
[Black "Perez-Billinghurst, Ricardo"]
[Result "1-0"]
[WhiteElo "2241"]
[BlackElo "2117"]
[PlyCount "49"]
[EventDate "2016.07.??"]
[EventType "swiss"]
[EventRounds "9"]
[EventCountry "USA"]

1. e4 c5 2. Nf3 d6 3. d4 cxd4 4. Nxd4 Nf6 5. Nc3 a6 6. Bg5 e6 7. f4 Qb6 8. Qd2
Qxb2 9. Rb1 Qa3 10. Bxf6 gxf6 11. Be2 Bg7 12. f5 Bh6 13. Qd3 Rg8 14. O-O Nc6
15. Nxc6 bxc6 16. Kh1 e5 17. Rfd1 Bf8 18. Qc4 Bd7 19. Rb7 Rd8 20. Rdb1 Be7 21.
Ra7 a5 22. Rxd7 Kxd7 23. Qxf7 Qxc3 24. Qe6+ Kc7 25. Ba6 1-0

[Event "10th Philadelphia International"]
[Site "Philadelphia, PA"]
[Date "2016.07.07"]
[Round "4"]
[White "Odeh, Kenneth"]
[Black "Wang, Tianqi"]
[Result "0-1"]
[WhiteElo "2032"]
[BlackElo "2189"]
[PlyCount "70"]
[EventDate "2016.07.??"]
[EventType "swiss"]
[EventRounds "9"]
[EventCountry "USA"]

1. Nf3 d5 2. d4 Nf6 3. c4 dxc4 4. g3 c6 5. Bg2 b5 6. O-O Bb7 7. Ne5 e6 8. f4
Be7 9. b3 cxb3 10. axb3 O-O 11. Bb2 Qb6 12. Qc2 Rc8 13. Kh1 Nbd7 14. e4 Nf8 15.
f5 c5 16. fxe6 fxe6 17. d5 exd5 18. exd5 Bxd5 19. Bxd5+ Nxd5 20. Qf2 Bf6 21.
Nd2 Qc7 22. Ndf3 Re8 23. Rae1 Rad8 24. Rd1 Ne6 25. Rc1 Qb7 26. Kg1 Rf8 27. Qe2
Rfe8 28. Qf2 Nb4 29. Rcd1 Rd5 30. Rxd5 Qxd5 31. g4 Nf4 32. Qe3 Nbd3 33. Rd1
Bxe5 34. Bxe5 Rxe5 35. Qxe5 Nxe5 0-1

[Event "10th Philadelphia International"]
[Site "Philadelphia, PA"]
[Date "2016.07.07"]
[Round "4"]
[White "Baumgartner, Blake"]
[Black "Titus, Andrew"]
[Result "0-1"]
[WhiteElo "1877"]
[BlackElo "2173"]
[PlyCount "67"]
[EventDate "2016.07.??"]
[EventType "swiss"]
[EventRounds "9"]
[EventCountry "USA"]

1. e4 c5 2. Nf3 d6 3. d4 cxd4 4. Nxd4 Nf6 5. Nc3 a6 6. f3 e6 7. Be3 b5 8. Qd2
Nbd7 9. g4 h6 10. O-O-O Qc7 11. h4 b4 12. Nce2 d5 13. Bf4 e5 14. Bh2 dxe4 15.
g5 hxg5 16. hxg5 Rxh2 17. Rxh2 exd4 18. Nxd4 Nd5 19. fxe4 Ne3 20. Re1 Nxf1 21.
Rxf1 Ne5 22. Kb1 Bb7 23. Nf5 Nc4 24. Qd4 Qxh2 25. Qxc4 Qe5 26. Nxg7+ Qxg7 27.
Qc7 f5 28. Qc4 Bxe4 29. Re1 Qe7 30. g6 Rd8 31. Ka1 Qd7 32. a3 Qd1+ 33. Rxd1
Rxd1+ 34. Ka2 0-1

[Event "10th Philadelphia International"]
[Site "Philadelphia, PA"]
[Date "2016.07.07"]
[Round "4"]
[White "Aggarwal, Vaibhav"]
[Black "Ghatti, Sanjay"]
[Result "0-1"]
[WhiteElo "1799"]
[BlackElo "2151"]
[PlyCount "144"]
[EventDate "2016.07.??"]
[EventType "swiss"]
[EventRounds "9"]
[EventCountry "USA"]

1. e4 c6 2. d4 d5 3. Nc3 dxe4 4. Nxe4 Bf5 5. Ng3 Bg6 6. Bc4 e6 7. N1e2 Bd6 8.
O-O Nf6 9. f4 Qc7 10. f5 exf5 11. Nxf5 Bxh2+ 12. Kh1 Bxf5 13. Rxf5 Bd6 14. Bh6
gxh6 15. Rxf6 Qe7 16. Bxf7+ Kd8 17. Rxh6 Nd7 18. d5 Ne5 19. Be6 Qg7 20. Rh3 Kc7
21. Nd4 Ng6 22. Qg4 Qe5 23. Rh5 Qf4 24. Qxf4 Nxf4 25. Rf5 Raf8 26. Bf7 Nxd5 27.
Ne6+ Kd7 28. Nxf8+ Rxf8 29. Rf3 Nf4 30. Bc4 Rf6 31. Kg1 b5 32. Bd3 Bc5+ 33. Kf1
Rh6 34. Bf5+ Kc7 35. Bh3 Nd5 36. Re1 Rh4 37. c3 b4 38. g4 bxc3 39. bxc3 h5 40.
gxh5 Rxh5 41. Re4 Rg5 42. c4 Rg1+ 43. Ke2 Nb4 44. Rf5 Kb6 45. Re8 Nxa2 46. Rb8+
Kc7 47. Rh8 Nc1+ 48. Kd2 Nb3+ 49. Kc2 Nd4+ 50. Kc3 Rg3+ 51. Kd2 Bb4+ 52. Kc1
Nxf5 53. Bxf5 Rc3+ 54. Kb2 Rxc4 55. Rh7+ Kb6 56. Bd3 Rf4 57. Rh2 a5 58. Rc2 Bd6
59. Bg6 Be5+ 60. Kb3 Rb4+ 61. Ka2 c5 62. Bf7 Rf4 63. Bc4 a4 64. Bd3 Rf3 65. Be2
Re3 66. Kb1 Bd4 67. Rd2 Ka5 68. Rc2 Kb4 69. Rc4+ Kb3 70. Rc2 Bc3 71. Bd1 Re1
72. Rc1+ Rxd1 0-1

[Event "10th Philadelphia International"]
[Site "Philadelphia, PA"]
[Date "2016.07.07"]
[Round "4"]
[White "Shepherd, Duncan"]
[Black "Norovsambuu, Badamkhand"]
[Result "1-0"]
[WhiteElo "1687"]
[BlackElo "2024"]
[PlyCount "113"]
[EventDate "2016.07.??"]
[EventType "swiss"]
[EventRounds "9"]
[EventCountry "USA"]

1. d4 d5 2. c4 c6 3. Nf3 Nf6 4. Nc3 dxc4 5. a4 Bf5 6. Ne5 e6 7. f3 Nbd7 8. e4
Bg6 9. Nxc4 Bb4 10. Qb3 a5 11. Be3 O-O 12. Rd1 Qc7 13. Kf2 Rad8 14. g3 Nh5 15.
e5 f5 16. Bg5 Rde8 17. Ne2 b5 18. axb5 cxb5 19. Na3 Qb6 20. Kg2 Rc8 21. h3 Bxa3
22. Qxa3 Rc2 23. Rd2 f4 24. Rxc2 Bxc2 25. Qc3 Bg6 26. g4 Ng3 27. Nxg3 fxg3 28.
Kxg3 b4 29. Qc4 Qb7 30. Bg2 Bf7 31. f4 Qa7 32. Be7 Re8 33. Bd6 Nb6 34. Qd3 Rc8
35. Be4 h6 36. f5 Nc4 37. Bc5 Nxb2 38. Bxa7 Nxd3 39. Bxd3 Rc3 40. Rd1 exf5 41.
Kf4 g5+ 42. Kxf5 Bb3 43. Rd2 Rxd3 44. Rxd3 Bc2 45. Bc5 Bxd3+ 46. Kf6 b3 47. Ba3
Bc4 48. e6 Bd5 49. e7 Bc6 50. d5 Bd7 51. d6 a4 52. Bb2 Bb5 53. Ke6 Bc4+ 54. Kd7
Bb5+ 55. Kd8 Kf7 56. d7 a3 57. e8=Q# 1-0

[Event "10th Philadelphia International"]
[Site "Philadelphia, PA"]
[Date "2016.07.07"]
[Round "4"]
[White "Slade, Theodore"]
[Black "Kumar, Nikhil"]
[Result "0-1"]
[WhiteElo "2018"]
[BlackElo "2014"]
[PlyCount "72"]
[EventDate "2016.07.??"]
[EventType "swiss"]
[EventRounds "9"]
[EventCountry "USA"]

1. d4 d5 2. Nf3 Nf6 3. e3 c6 4. c4 Bg4 5. Qb3 Qb6 6. Ne5 Bh5 7. Qxb6 axb6 8.
cxd5 Nxd5 9. Bd2 e6 10. Nc3 Nb4 11. Rc1 Nxa2 12. Nxa2 Rxa2 13. Bc4 Ra8 14. O-O
Bd6 15. Ra1 Rxa1 16. Rxa1 b5 17. Bd3 f6 18. Nf3 Na6 19. Kf1 Kd7 20. Ke2 Bg6 21.
e4 Ra8 22. b4 Nc7 23. Rxa8 Nxa8 24. Ne1 Nb6 25. h3 Nc4 26. Bc3 e5 27. Nc2 Bf7
28. g3 Nb6 29. Ke3 Na4 30. Bd2 Nb2 31. Bf1 Bb3 32. Na3 Nd1+ 33. Ke2 exd4 34. f4
Nc3+ 35. Bxc3 dxc3 36. Kd3 Bxb4 0-1

[Event "10th Philadelphia International"]
[Site "Philadelphia, PA"]
[Date "2016.07.08"]
[Round "5.1"]
[White "Quevedo, Reynaldo"]
[Black "Papp, Gabor"]
[Result "1-0"]
[WhiteElo "2432"]
[BlackElo "2584"]
[PlyCount "86"]
[EventDate "2016.07.??"]
[EventType "swiss"]
[EventRounds "9"]
[EventCountry "USA"]
[WhiteClock "0:00:41"]
[BlackClock "0:06:34"]

1. d4 Nf6 2. c4 e6 3. Nc3 Bb4 4. Qc2 d5 5. a3 Bxc3+ 6. Qxc3 c5 7. dxc5 d4 8.
Qg3 Nc6 9. Nf3 e5 10. e4 O-O 11. Bd3 Nd7 12. b4 a5 13. Rb1 f5 14. O-O f4 15.
Qg5 Qe8 16. Nh4 h6 17. Qg6 Qd8 18. Qh5 Nf6 19. Qe2 g5 20. Nf5 Bxf5 21. exf5 e4
22. Bxe4 Re8 23. f3 d3 24. Qxd3 Nxe4 25. Qd5+ Qxd5 26. cxd5 Nc3 27. dxc6 Nxb1
28. cxb7 Rab8 29. c6 axb4 30. Bxf4 gxf4 31. Rxb1 Kf7 32. axb4 Ke7 33. c7 Rxb7
34. Re1+ Kf6 35. Rxe8 Rxc7 36. Re1 Rb7 37. Re4 Kxf5 38. g3 fxg3 39. hxg3 Rc7
40. Re1 Rc3 41. Rb1 Ke5 42. Kg2 h5 43. b5 Kd5 1-0

[Event "10th Philadelphia International"]
[Site "Philadelphia, PA"]
[Date "2016.07.08"]
[Round "5.2"]
[White "Gorovets, Andrey"]
[Black "Jimenez, Fidel"]
[Result "1/2-1/2"]
[WhiteElo "2545"]
[BlackElo "2530"]
[PlyCount "39"]
[EventDate "2016.07.??"]
[EventType "swiss"]
[EventRounds "9"]
[EventCountry "USA"]
[WhiteClock "0:47:08"]
[BlackClock "1:25:03"]

1. d4 d5 2. c4 c6 3. Nf3 Nf6 4. Nc3 e6 5. Qd3 dxc4 6. Qxc4 b5 7. Qd3 Be7 8. e4
b4 9. Na4 Qa5 10. b3 Ba6 11. Qc2 Bxf1 12. Kxf1 O-O 13. Bg5 Nbd7 14. g3 c5 15.
e5 Nd5 16. Bxe7 Nxe7 17. dxc5 Rac8 18. Rc1 Ng6 19. Kg2 Ngxe5 20. Nxe5 1/2-1/2

[Event "10th Philadelphia International"]
[Site "Philadelphia, PA"]
[Date "2016.07.08"]
[Round "5.3"]
[White "Bachmann, Axel"]
[Black "Bora, Safal"]
[Result "1-0"]
[WhiteElo "2649"]
[BlackElo "2404"]
[PlyCount "105"]
[EventDate "2016.07.??"]
[EventType "swiss"]
[EventRounds "9"]
[EventCountry "USA"]

1. g3 Nf6 2. Bg2 d5 3. Nf3 g6 4. c4 Bg7 5. O-O O-O 6. Na3 c5 7. d4 cxd4 8. Qxd4
Nc6 9. Qh4 dxc4 10. Nxc4 Be6 11. b3 Ne4 12. Rb1 Bf5 13. Bb2 Nc3 14. Bxc3 Bxc3
15. Ng5 h5 16. Bxc6 Bxb1 17. Bxb7 Rb8 18. Rxb1 Rxb7 19. Ne4 Bg7 20. Nc5 Rc7 21.
Nd3 e5 22. Qe4 Qa8 23. Qxa8 Rxa8 24. f3 a5 25. Kf1 f6 26. Ndb2 f5 27. Na4 e4
28. f4 Rd8 29. Nxa5 Rc2 30. a3 Bf8 31. Nc4 Rb8 32. Nab6 Rb7 33. b4 Rc7 34. b5
R7xc4 35. Nxc4 Rxc4 36. b6 Bxa3 37. b7 Bd6 38. Rd1 Rb4 39. Rxd6 Kf7 40. Rd7+
Ke6 41. Rc7 e3 42. Kg2 Rb3 43. Kh3 Kf6 44. Kh4 Rb2 45. h3 Rb4 46. Rc6+ Kf7 47.
Kg5 Rxb7 48. Rf6+ Ke7 49. Kxg6 Rb2 50. Rxf5 Rxe2 51. Re5+ Kd6 52. Kxh5 Re1 53.
Kg4 1-0

[Event "10th Philadelphia International"]
[Site "Philadelphia, PA"]
[Date "2016.07.08"]
[Round "5.4"]
[White "Niemann, Hans"]
[Black "Shimanov, Alex"]
[Result "0-1"]
[WhiteElo "2269"]
[BlackElo "2627"]
[PlyCount "143"]
[EventDate "2016.07.??"]
[EventType "swiss"]
[EventRounds "9"]
[EventCountry "USA"]
[WhiteClock "0:23:01"]
[BlackClock "1:32:59"]

1. d4 Nf6 2. c4 g6 3. Nc3 Bg7 4. e4 O-O 5. Nf3 d6 6. Be2 Na6 7. O-O e5 8. Be3
c6 9. dxe5 dxe5 10. Qxd8 Rxd8 11. Rfd1 Re8 12. h3 Bf8 13. a3 Nc5 14. Nd2 Ne6
15. Nf3 Bc5 16. b4 Bxe3 17. fxe3 h6 18. c5 Ng5 19. Nd2 Be6 20. h4 Ngh7 21. Bc4
Bg4 22. Nf3 Kg7 23. Rd6 Rac8 24. a4 Rc7 25. Nd2 Rd7 26. Rxd7 Bxd7 27. b5 Ng4
28. Re1 Nf8 29. b6 Be6 30. bxa7 Ra8 31. Bxe6 Nxe6 32. Nb3 Rxa7 33. Kf1 Nf6 34.
a5 Kf8 35. Ke2 Ra8 36. Kd3 Rd8+ 37. Kc4 Ng4 38. Re2 Ke7 39. Nc1 f5 40. g3 f4
41. gxf4 exf4 42. exf4 Nxf4 43. Ra2 Ne5+ 44. Kb3 Ne6 45. Na4 Rd1 46. Kc2 Rd4
47. Nc3 Nxc5 48. Nb3 Nxb3 49. Kxb3 Nd3 50. Rg2 Kf6 51. Rg3 Nc5+ 52. Ka3 Nxe4
53. Nxe4+ Rxe4 54. Rf3+ Kg7 55. Rb3 Re7 56. Kb4 g5 57. hxg5 hxg5 58. Kc5 Kg6
59. Kb6 g4 60. Ka7 Re5 61. Kxb7 Rxa5 62. Kxc6 Rg5 63. Rg3 Kf5 64. Rg1 Kf4 65.
Ra1 g3 66. Ra4+ Kf3 67. Ra3+ Kg4 68. Ra4+ Kh3 69. Ra3 Kh2 70. Kd6 g2 71. Ra2
Kh1 72. Ra1+ 0-1

[Event "10th Philadelphia International"]
[Site "Philadelphia, PA"]
[Date "2016.07.08"]
[Round "5"]
[White "Zherebukh, Yaroslav"]
[Black "Balakrishnan, Praveen"]
[Result "1-0"]
[WhiteElo "2595"]
[BlackElo "2367"]
[PlyCount "69"]
[EventDate "2016.07.??"]
[EventType "swiss"]
[EventRounds "9"]
[EventCountry "USA"]

1. d4 Nf6 2. c4 e6 3. Nf3 d5 4. Nc3 Be7 5. Bf4 O-O 6. e3 Nbd7 7. c5 Nh5 8. Bd3
Nxf4 9. exf4 b6 10. b4 a5 11. a3 c6 12. O-O Qc7 13. g3 Ba6 14. Bxa6 Rxa6 15.
Qe2 Rfa8 16. b5 cxb5 17. Nxd5 exd5 18. Qxe7 R6a7 19. Rac1 bxc5 20. dxc5 Rc8 21.
Nd4 Qb8 22. c6 Nf8 23. Qc5 Ne6 24. Nxe6 fxe6 25. Rfe1 b4 26. axb4 axb4 27. Rxe6
b3 28. Qxd5 Kh8 29. Rb1 b2 30. Qd4 Qa8 31. Qxb2 Ra2 32. Qb7 Rc2 33. Rbe1 h6 34.
Qd7 R2xc6 35. Re8+ 1-0

[Event "10th Philadelphia International"]
[Site "Philadelphia, PA"]
[Date "2016.07.08"]
[Round "5"]
[White "Kannappan, Priyadharshan"]
[Black "Atoufi, Pedram"]
[Result "1-0"]
[WhiteElo "2484"]
[BlackElo "2272"]
[PlyCount "75"]
[EventDate "2016.07.??"]
[EventType "swiss"]
[EventRounds "9"]
[EventCountry "USA"]

1. e4 e5 2. Nf3 Nc6 3. Nc3 Nf6 4. Bb5 Nd4 5. Ba4 c6 6. d3 b5 7. Bb3 Nxb3 8.
axb3 d6 9. Be3 Qc7 10. O-O Be7 11. Ne2 O-O 12. Ng3 d5 13. Re1 d4 14. Bd2 g6 15.
Qc1 Re8 16. c3 dxc3 17. Bxc3 Nd7 18. b4 c5 19. bxc5 Bxc5 20. d4 exd4 21. Bxd4
Qb6 22. Bxc5 Nxc5 23. Qh6 f6 24. e5 Bg4 25. exf6 Rxe1+ 26. Rxe1 Qxf6 27. Ng5
Qg7 28. Qh4 Bd7 29. Qb4 Qf8 30. Qd4 Bc6 31. Rc1 Nb3 32. Qh4 Qe7 33. Rxc6 Rd8
34. h3 Nd4 35. Ra6 Qc7 36. Kh2 Rd7 37. Qe4 Qd8 38. Ne6 1-0

[Event "10th Philadelphia International"]
[Site "Philadelphia, PA"]
[Date "2016.07.08"]
[Round "5"]
[White "Viswanadha, Kesav"]
[Black "Sarkar, Justin"]
[Result "1/2-1/2"]
[WhiteElo "2357"]
[BlackElo "2436"]
[PlyCount "78"]
[EventDate "2016.07.??"]
[EventType "swiss"]
[EventRounds "9"]
[EventCountry "USA"]

1. d4 Nf6 2. c4 g6 3. Nc3 d5 4. cxd5 Nxd5 5. e4 Nxc3 6. bxc3 Bg7 7. Be3 c5 8.
Qd2 Qa5 9. Rc1 cxd4 10. cxd4 Qxd2+ 11. Bxd2 O-O 12. Nf3 e6 13. Bb5 Bd7 14. Bxd7
Nxd7 15. Rc7 Nf6 16. e5 Nd5 17. Rxb7 Rfb8 18. Rxb8+ Rxb8 19. O-O Bf8 20. g4 Kg7
21. Rc1 Rb2 22. a4 Bb4 23. Bg5 Bc3 24. Bf6+ Kf8 25. Kf1 Ra2 26. Rb1 Bb2 27. Kg2
Nc3 28. Re1 Rxa4 29. Bg5 Ra1 30. Re3 a5 31. d5 exd5 32. e6 fxe6 33. Rxe6 Ne4
34. Rb6 Ra2 35. Bh6+ Kf7 36. Rb7+ Kg8 37. Rb8+ Kf7 38. Rb7+ Kg8 39. Rb8+ Kf7
1/2-1/2

[Event "10th Philadelphia International"]
[Site "Philadelphia, PA"]
[Date "2016.07.08"]
[Round "5"]
[White "Banik, Siddharth"]
[Black "Mulyar, Michael"]
[Result "1/2-1/2"]
[WhiteElo "2226"]
[BlackElo "2381"]
[PlyCount "122"]
[EventDate "2016.07.??"]
[EventType "swiss"]
[EventRounds "9"]
[EventCountry "USA"]

1. e4 e5 2. Nf3 Nc6 3. Bb5 a6 4. Ba4 Nf6 5. O-O b5 6. Bb3 Bc5 7. a4 Rb8 8. c3
d6 9. d4 Bb6 10. a5 Ba7 11. h3 O-O 12. Be3 exd4 13. cxd4 Ne7 14. Nc3 Bb7 15.
Bg5 Ng6 16. h4 Qd7 17. Bxf6 gxf6 18. h5 Ne7 19. Nh4 Kh8 20. Kh2 b4 21. Nd5 Nxd5
22. exd5 Rg8 23. Rc1 Rg4 24. g3 Rbg8 25. Qf3 Bxd4 26. Nf5 Be5 27. Rh1 Rf4 28.
gxf4 Qxf5 29. Rhg1 Qxf4+ 30. Qxf4 Bxf4+ 31. Kh1 Bxc1 32. Rxc1 Rg5 33. h6 Bxd5+
34. Bxd5 Rxd5 35. Rxc7 Rh5+ 36. Kg2 Rxh6 37. Rc6 Rh5 38. Rxa6 Rd5 39. Kf3 Rd2
40. b3 Rd3+ 41. Kg2 Kg7 42. Rb6 Rxb3 43. Rxd6 Ra3 44. a6 h5 45. Rb6 Kg6 46.
Rxb4 Rxa6 47. Rb8 Kg5 48. Rg8+ Kf4 49. Rh8 Ra5 50. Rh7 Rg5+ 51. Kf1 f5 52. Rxf7
Kf3 53. Ra7 Rg4 54. Ra3+ Kf4 55. Ra4+ Kg5 56. Ra8 h4 57. Ra3 Rd4 58. Kg2 Kg4
59. Rb3 Rd2 60. Ra3 f4 61. Rb3 h3+ 1/2-1/2

[Event "10th Philadelphia International"]
[Site "Philadelphia, PA"]
[Date "2016.07.08"]
[Round "5"]
[White "Ghatti, Sanjay"]
[Black "Carreto, Giovanni"]
[Result "0-1"]
[WhiteElo "2151"]
[BlackElo "2241"]
[PlyCount "43"]
[EventDate "2016.07.??"]
[EventType "swiss"]
[EventRounds "9"]
[EventCountry "USA"]

1. e4 c5 2. Nf3 d6 3. d4 cxd4 4. Nxd4 Nf6 5. Nc3 g6 6. Be3 Bg7 7. f3 Nc6 8. Qd2
Bd7 9. Bc4 O-O 10. h4 h5 11. O-O-O Ne5 12. Bb3 Rc8 13. Bh6 Bxh6 14. Qxh6 Rxc3
15. bxc3 Qc8 16. g4 Qxc3 17. Kb1 Rc8 18. gxh5 Nxh5 19. Rhg1 Nc4 20. Bxc4 Rxc4
21. Qxh5 Rxd4 22. Rxg6+ 0-1

[Event "10th Philadelphia International"]
[Site "Philadelphia, PA"]
[Date "2016.07.08"]
[Round "5"]
[White "Zhou, Guijue"]
[Black "Hong, Andrew"]
[Result "0-1"]
[WhiteElo "2238"]
[BlackElo "2151"]
[PlyCount "66"]
[EventDate "2016.07.??"]
[EventType "swiss"]
[EventRounds "9"]
[EventCountry "USA"]

1. e4 c5 2. Nf3 d6 3. Bb5+ Bd7 4. Bxd7+ Qxd7 5. c4 Nf6 6. Nc3 g6 7. d4 cxd4 8.
Nxd4 Bg7 9. f3 O-O 10. O-O Rc8 11. b3 d5 12. exd5 Nxd5 13. Nxd5 e6 14. Bh6 exd5
15. Bxg7 Kxg7 16. c5 Na6 17. Ne2 Nxc5 18. Qd4+ Kg8 19. Nf4 Ne6 20. Qxd5 Qxd5
21. Nxd5 Rd8 22. Rfd1 Kf8 23. Kf2 Rac8 24. Ne3 Ke7 25. h4 h5 26. g4 Nf4 27. Nc4
b5 28. Ne3 Kf6 29. Kg3 Ne2+ 30. Kf2 Nc3 31. Rxd8 Rxd8 32. Nf1 b4 33. a3 Rd1 0-1

[Event "10th Philadelphia International"]
[Site "Philadelphia, PA"]
[Date "2016.07.08"]
[Round "5"]
[White "Wang, Tianqi"]
[Black "Yao, Lan"]
[Result "1-0"]
[WhiteElo "2189"]
[BlackElo "2131"]
[PlyCount "157"]
[EventDate "2016.07.??"]
[EventType "swiss"]
[EventRounds "9"]
[EventCountry "USA"]

1. d4 Nf6 2. Nf3 g6 3. g3 Bg7 4. Bg2 O-O 5. O-O d5 6. c4 c6 7. Nbd2 Ne4 8. b3
c5 9. Bb2 Nxd2 10. Qxd2 dxc4 11. bxc4 cxd4 12. Nxd4 e5 13. Nb3 Qc7 14. Rac1 Nc6
15. e3 Bf5 16. Qc3 a5 17. a3 Rfd8 18. Rfd1 a4 19. Nc5 Na5 20. Rd5 Rdc8 21. Nxa4
Qxc4 22. Nb6 Qxd5 23. Bxd5 Rxc3 24. Bxc3 Ra6 25. Bxa5 Rxa5 26. Rc7 Be6 27. Bxe6
fxe6 28. Nc4 Ra4 29. Nd6 Rxa3 30. Ne8 Bh8 31. Rxb7 Rc3 32. Nd6 Bg7 33. Kg2 Rc6
34. Rd7 h6 35. Kf3 Bf8 36. Ne8 Bb4 37. Nf6+ Kf8 38. Ng4 Bd6 39. Nxh6 Be7 40.
Ng4 Rc5 41. h3 Ke8 42. Ra7 Kf8 43. Ke4 Bd6 44. Rd7 Rc4+ 45. Kf3 Rc6 46. Nf6 Be7
47. Ne4 Ra6 48. Rb7 Ra5 49. Rc7 Ke8 50. Nd2 Kd8 51. Rb7 Ke8 52. Nc4 Rc5 53. Nb2
Kf7 54. Ke4 Kf6 55. h4 Rc2 56. g4 g5 57. Kd3 Rxf2 58. Nd1 e4+ 59. Kxe4 Rf1 60.
hxg5+ Kxg5 61. Rxe7 Rxd1 62. Rxe6 Kxg4 63. Rg6+ Kh5 64. Rg8 Ra1 65. Kf4 Kh6 66.
e4 Kh7 67. Rg3 Ra7 68. Kf5 Ra1 69. e5 Rf1+ 70. Ke6 Re1 71. Kf7 Rf1+ 72. Ke7 Re1
73. e6 Ra1 74. Ke8 Re1 75. e7 Ra1 76. Rg5 Kh6 77. Re5 Kg7 78. Kd7 Ra7+ 79. Kc6
1-0

[Event "10th Philadelphia International"]
[Site "Philadelphia, PA"]
[Date "2016.07.08"]
[Round "5"]
[White "Titus, Andrew"]
[Black "Proleiko, Julian"]
[Result "1-0"]
[WhiteElo "2173"]
[BlackElo "2100"]
[PlyCount "127"]
[EventDate "2016.07.??"]
[EventType "swiss"]
[EventRounds "9"]
[EventCountry "USA"]

1. e4 c6 2. d4 d5 3. Nc3 dxe4 4. Nxe4 Bf5 5. Ng3 Bg6 6. h4 h6 7. Nf3 Nd7 8. h5
Bh7 9. Bd3 Bxd3 10. Qxd3 e6 11. Bd2 Ngf6 12. O-O-O Be7 13. Kb1 Qc7 14. Ne4 c5
15. dxc5 Nxe4 16. Qxe4 Nxc5 17. Qc4 O-O 18. Be3 b5 19. Qg4 f5 20. Qd4 f4 21.
Bc1 Rad8 22. Qe5 Qxe5 23. Nxe5 Rxd1 24. Rxd1 Rf5 25. Ng6 Kf7 26. Bxf4 Rxh5 27.
Nxe7 Kxe7 28. Bd6+ Kf6 29. g4 Rg5 30. f4 Rxg4 31. Bxc5 Rxf4 32. Bxa7 g5 33. b3
h5 34. Kc1 g4 35. Kd2 h4 36. Ke2 g3 37. Be3 Rg4 38. Kf3 Kf5 39. Rd8 Rg7 40.
Rf8+ Ke5 41. Rh8 g2 42. Rxh4 g1=Q 43. Bxg1 Rxg1 44. Rh5+ Kd4 45. Rxb5 e5 46.
Rb4+ Kd5 47. a4 Rc1 48. Rc4 e4+ 49. Rxe4 Rxc2 50. Rb4 Ra2 51. Ke3 Kc5 52. Rb5+
Kc6 53. Kd3 Kc7 54. Kc3 Kc6 55. Kb4 Rh2 56. Ka5 Rh4 57. Ka6 Rh8 58. Rb6+ Kc7
59. Rb7+ Kc6 60. b4 Ra8+ 61. Ra7 Rb8 62. b5+ Kc5 63. Rc7+ Kb4 64. Ka7 1-0

[Event "10th Philadelphia International"]
[Site "Philadelphia, PA"]
[Date "2016.07.08"]
[Round "5"]
[White "Yim, Sung"]
[Black "Nieto, Guillermo"]
[Result "1-0"]
[WhiteElo "2169"]
[BlackElo "1894"]
[PlyCount "137"]
[EventDate "2016.07.??"]
[EventType "swiss"]
[EventRounds "9"]
[EventCountry "USA"]

1. d4 Nf6 2. c4 e6 3. Nf3 Bb4+ 4. Nbd2 b6 5. a3 Bxd2+ 6. Qxd2 Bb7 7. g3 O-O 8.
Bg2 d5 9. b3 Nbd7 10. O-O Ne4 11. Qb2 Rc8 12. Nd2 Nd6 13. Qc3 c5 14. dxc5 bxc5
15. e3 Nf5 16. Qc2 Ba6 17. cxd5 Bxf1 18. Bxf1 Qg5 19. dxe6 fxe6 20. Ne4 Qg6 21.
Bg2 Nf6 22. Bb2 Nd6 23. Nxf6+ gxf6 24. Qd2 Rfd8 25. Qc3 Kf7 26. Qa5 Qc2 27. Qc3
Qxc3 28. Bxc3 Nb5 29. Ba5 Rd3 30. a4 Nd6 31. Rb1 Nf5 32. Bf1 Rd6 33. Rc1 Ne7
34. f4 f5 35. Kf2 a6 36. Ke2 Nd5 37. Bg2 Ke7 38. e4 fxe4 39. Bxe4 h6 40. Bd3
Rdc6 41. Kf3 Rb8 42. Bc4 Rb7 43. Re1 Rd7 44. Re5 Kf6 45. h4 Nb4 46. g4 Nd3 47.
g5+ hxg5 48. hxg5+ Ke7 49. Re2 Nc1 50. Rh2 Nxb3 51. Rh7+ Ke8 52. g6 Nd4+ 53.
Kg4 e5 54. Bf7+ Kf8 55. Kg5 exf4 56. Rh8+ Ke7 57. Re8+ Kd6 58. g7 Rxf7 59. g8=Q
Rf5+ 60. Kg4 f3 61. Qg6+ Kd5 62. Qg8+ Kd6 63. Re6+ Nxe6 64. Kxf5 Nd4+ 65. Ke4
Ke7 66. Bd8+ Kd7 67. Bh4 Re6+ 68. Kd5 Re2 69. Qd8# 1-0

[Event "10th Philadelphia International"]
[Site "Philadelphia, PA"]
[Date "2016.07.08"]
[Round "5"]
[White "Zhang, Chao"]
[Black "Shepherd, Duncan"]
[Result "1-0"]
[WhiteElo "2156"]
[BlackElo "1687"]
[PlyCount "71"]
[EventDate "2016.07.??"]
[EventType "swiss"]
[EventRounds "9"]
[EventCountry "USA"]

1. e4 c5 2. Nf3 d6 3. Nc3 Nf6 4. d4 cxd4 5. Nxd4 a6 6. Bg5 e6 7. f4 h6 8. Bxf6
Qxf6 9. Qd2 g5 10. Nde2 Nc6 11. O-O-O gxf4 12. Nxf4 Ne5 13. Kb1 Bd7 14. Be2 Bc6
15. Rhf1 Qe7 16. Qd4 O-O-O 17. g3 Qc7 18. Na4 b5 19. Nc3 Kb7 20. a4 Qa5 21. Nd3
Bg7 22. Qb4 Qxb4 23. Nxb4 bxa4 24. Nxc6 Kxc6 25. Nxa4 Rb8 26. Rd4 a5 27. b3 Rb4
28. Rxb4 axb4 29. Bh5 d5 30. exd5+ Kxd5 31. Rf4 f5 32. Rxb4 Nd7 33. Bf3+ Kd6
34. c4 e5 35. c5+ Kc7 36. Rb7+ 1-0

[Event "10th Philadelphia International"]
[Site "Philadelphia, PA"]
[Date "2016.07.08"]
[Round "5"]
[White "Guddanti, Harshita"]
[Black "Baquero, Luis"]
[Result "1-0"]
[WhiteElo "2143"]
[BlackElo "2232"]
[PlyCount "59"]
[EventDate "2016.07.??"]
[EventType "swiss"]
[EventRounds "9"]
[EventCountry "USA"]

1. e4 c5 2. Nf3 e6 3. d4 cxd4 4. Nxd4 a6 5. Nc3 Qc7 6. Be2 Nc6 7. O-O Nf6 8.
Be3 Bb4 9. Na4 O-O 10. Nxc6 bxc6 11. f4 Rb8 12. Bd3 Rd8 13. Bd4 Ne8 14. c3 Bf8
15. c4 c5 16. Bc3 d6 17. Qe1 Rd7 18. b3 Re7 19. Qh4 f5 20. Rae1 g6 21. Re3 Rb7
22. Rfe1 Bg7 23. exf5 Bd4 24. fxg6 hxg6 25. Bxg6 e5 26. Bxd4 cxd4 27. Rg3 exf4
28. Bf7+ Kxf7 29. Qh7+ Kf6 30. Qg6# 1-0

[Event "10th Philadelphia International"]
[Site "Philadelphia, PA"]
[Date "2016.07.08"]
[Round "5"]
[White "Perez-Billinghurst, Ricardo"]
[Black "Taghizadeh, Rayan"]
[Result "0-1"]
[WhiteElo "2117"]
[BlackElo "2182"]
[PlyCount "78"]
[EventDate "2016.07.??"]
[EventType "swiss"]
[EventRounds "9"]
[EventCountry "USA"]

1. e4 e5 2. Nf3 Nc6 3. Bb5 a6 4. Ba4 Nf6 5. O-O Be7 6. d3 b5 7. Bb3 O-O 8. Re1
d6 9. a4 b4 10. a5 h6 11. Nbd2 Be6 12. Bc4 Nh7 13. Nf1 Ng5 14. Ne3 Nxf3+ 15.
Qxf3 Bg5 16. c3 bxc3 17. bxc3 Bxe3 18. Bxe3 Bxc4 19. dxc4 Rb8 20. c5 Rb5 21.
Qg4 Qc8 22. Qxc8 Rxc8 23. cxd6 cxd6 24. Bb6 Ne7 25. Rad1 Rc6 26. Rb1 Rxb1 27.
Rxb1 Rxc3 28. Kf1 Kf8 29. Ke2 Nc6 30. Kd2 Ra3 31. Rc1 Nxa5 32. Rc7 Nb3+ 33. Kc3
Nc5+ 34. Kc4 Nxe4 35. Ra7 Nf6 36. Bc7 Ke7 37. Kb4 Ra1 38. Ba5+ Ke6 39. Rxa6 Ra2
0-1